Jupiters Moons - Statistics

General Stats
  • This quiz has been taken 623 times
  • The average score is 14 of 79
Answer Stats
Hint Answer % Correct
32 Io
85%
23 Europa
84%
25 Ganymede
78%
9 Callisto
64%
3 Amalthea
34%
1 Adrastea
29%
31 Himalia
27%
76 Thebe
27%
44 Metis
26%
4 Ananke
25%
16 Elara
25%
8 Callirrhoe
22%
10 Carme
22%
14 Dia
22%
41 Leda
21%
78 Themisto
20%
11 Carpo
19%
43 Megaclite
19%
73 Sinope
19%
2 Aitne
18%
5 Aoede
18%
6 Arche
18%
24 Eurydome
18%
51 Praxidike
18%
7 Autonoe
17%
22 Euporie
17%
28 Helike
17%
42 Lysithea
17%
13 Cyllene
16%
17 Erinome
16%
29 Hermippe
16%
30 Herse
16%
33 Iocaste
16%
19 Euanthe
15%
20 Eukelade
15%
37 Kale
15%
40 Kore
15%
12 Chaldene
14%
26 Harpalyke
14%
34 Isonoe
14%
45 Mneme
14%
64 Valetudo
14%
38 Kallichore
13%
39 Kalyke
13%
47 Pandia
13%
74 Sponde
13%
79 Thyone
13%
15 Eirene
12%
21 Eupheme
12%
27 Hegemone
12%
46 Orthosie
12%
49 Pasithee
12%
57 S 2003 J2
12%
77 Thelxinoe
12%
59 S 2003 J4
11%
75 Taygete
11%
18 Erse
10%
50 Philophrosyne
10%
52 S 2003 J10
10%
53 S 2003 J12
10%
54 S 2003 J16
10%
55 S 2003 J18
10%
56 S 2003 J19
10%
60 S 2003 J9
10%
65 S 2017 J 1
10%
66 S 2017 J2
10%
67 S 2017 J3
10%
68 S 2017 J5
10%
69 S 2017 J6
10%
70 S 2017 J7
10%
71 S 2017 J8
10%
72 S 2017 J9
10%
58 S 2003 J23
9%
61 S 2011 J1
9%
62 S 2011 J2
9%
63 S 2016 J 1
9%
35 Jupiter LI
8%
36 Jupiter LII
7%
48 Pasiophae
4%
No matching quizzes found
Score Distribution
Percent of People with Each Score
Percentile by Number Answered
Your Score History
You have not taken this quiz